Statistics for Guess the song by words

Click here to take the quiz!

General Stats

  • This quiz has been taken 6 times
  • The average score is 7 of 13

Answer Stats

HintAnswer% Correct
Awesome, Violin, SmallWorld‘s smallest violin
100%
Little boy, Story, Am I?Blame
50%
LazyTown, Cake, RemixCooking by the book remix (ft. Lil Jon)
50%
Commercial, Free, EducateEducation Connection Commercial Jingle
50%
Elevator, Doors, GameElevator Jam
50%
Dementia, Time, IncidentsIt‘s just a burning memory
50%
Geometry, Practice, Map packStay Inside Me
50%
Bet, Horse, LostStupid Horse
50%
SCP, Charlie, ZooSuperstitious Foundation
50%
„California Gurls“, Party, $TiK ToK
50%
Subway, Game, JapanTokyo
50%
Wheatley, Joke, PortalThe part where he kills you
25%
Walk, Meme, GhostfaceWhy not
25%

Score Distribution

Percentile by Number Answered

Percent of People with Each Score

Your Score History

You have not taken this quiz